[Event "CRO-ch 6th"]
[Site "Pula"]
[Date "1998.01.20"]
[Round "11"]
[White "Kovacevic, Vlatko"]
[Black "Cebalo, Miso"]
[Result "0-1"]
[WhiteElo "2520"]
[BlackElo "2515"]
[Annotator "Hecht,H"]
[PlyCount "114"]
[EventDate "1998.01.09"]
[EventType "tourn"]
[EventRounds "13"]
[EventCountry "CRO"]
[EventCategory "9"]
[SourceTitle "CBM 064"]
[Source "ChessBase"]
[SourceDate "1998.06.02"]
[SourceVersion "1"]
[SourceVersionDate "1998.06.02"]
[SourceQuality "1"]

1. Nf3 Nf6 2. d4 e6 3. e3 b6 4. Nbd2 Bb7 5. Bd3 c5 6. O-O Be7 7. b3 Nc6 8. a3
O-O 9. Bb2 Re8 10. Re1 cxd4 11. exd4 Bf8 12. Rc1 Rc8 13. c4 d5 14. Bb1 g6 15.
Nf1 Bg7 16. Ne3 a6 17. Qe2 Nh5 18. Qd1 dxc4 19. bxc4 b5 20. cxb5 axb5 21. Rc5
b4 22. axb4 Nxb4 23. Rb5 Bxf3 24. Qxf3 Rb8 25. Rxb8 Qxb8 26. g3 Nf6 27. Nc4 Rc8
28. Qb3 Nc6 29. Qa4 Nd5 30. Qa1 Ncb4 31. Ne3 Nxe3 32. Rxe3 Nc2 33. Bxc2 Rxc2
34. Ba3 h5 35. Qd1 Ra2 36. Bc5 Qa8 37. Qf3 Qa6 38. Ra3 Ra1+ 39. Rxa1 Qxa1+ {[#]
} 40. Kg2 Bxd4 41. Be7 Qa2 42. h3 e5 43. g4 e4 44. Qf4 hxg4 45. hxg4 Qb2 {
Attack in the endgame with reduced forces, directed against a king on the side
of the board, rooted in the important concept of transitioning into a pawn
ending. This deserves a Medal. Angriff im Endspiel mit geringen Kräften gegen
den Randkönig, gewürzt mit wichtigen Gedanken zum Übergang ins Bauernendspiel.
Das ist eine Medaille wert.} 46. Qxe4 $8 (46. Kf1 Qb1+ 47. Kg2 (47. Ke2 Qd3+
48. Ke1 Bc3+) 47... Qb7 $1 {[%cal Rb7e7,Re4e3]} 48. Bh4 e3+ 49. Qf3 Qxf3+ 50.
Kxf3 exf2 51. Bxf2 Bxf2 52. Kxf2 {[#] Variation diagram. The pawn ending is
not won in all variations. Distant opposition could be a drawing weapon if
Black hasn't a reserve tempo up his sleeve. For this reason, 52...Kg7? would
be a typical error.  [#] Variantendiagramm. Das Bauernendspiel ist nicht in
allen Abspielen gewonnen. Eine Rremiswaffe könnte die Fernopposition sein,
wenn Schwarz keinen Reservebauernzug in petto hat. Deshalb wäre ein typischer
Fehler Kg7?} Kg7 $2 (52... g5 $1 53. Kf3 Kg7 54. Ke4 Kf6 55. Kd5 Ke7 56. Ke5
f6+ 57. Kd5 Kd7 58. Kd4 Kd6 59. Ke4 Ke6 60. Kf3 Kd5 61. Ke3 Ke5 62. Kf3 Kd4 $19
) (52... f6 $1 53. Ke3 Kf7 54. Kd4 Ke6 55. Ke4 g5 56. Kf3 (56. Kd4 f5 $19)
56... Kd5 $19) (52... Kf8 $2 53. g5 Ke7 54. Ke3 $11 {Fernopposition!}) 53. g5
$1 f5 (53... Kf8 54. Kf3 Ke7 55. Ke3 $1 Kd7 56. Kd3 $1 $11) 54. gxf6+ Kxf6 55.
Kg2 Ke5 56. Kg3 $11) 46... Qxf2+ 47. Kh3 Qf1+ 48. Qg2 $8 Qd3+ 49. Qg3 (49. Kh2
Be5+ 50. Kg1 (50. Kh1 Qb1+ 51. Qg1 Qb7+ $19) 50... Qd1+ 51. Kf2 Bd4+ 52. Kg3
Qe1+ $19) (49. Kh4 Be5 {Der eingeklemmte weiße König hat angesichts der
Möglichkeiten f6 nebst evtl g5 keine Überlebenschancen.}) 49... Qe4 50. Bd6 f6
51. Qb3+ Kg7 {[#] [#]} 52. Qd1 $2 (52. Qa3 $5 Bf2 {[%cal Re4h1]} 53. Bh2 Qe2 {
[%cal Ge2e7,Gf2a7,Re2f1]} 54. Bd6 Qf1+ 55. Kh2 Qg1+ 56. Kh3 Qh1+ 57. Bh2 Qf1#)
(52. Bg3 $2 Qh1+ 53. Bh2 Be5 54. Qc2 Qxh2+ 55. Qxh2 Bxh2 56. Kxh2 Kf7 57. Kg3
Ke6 58. Kf4 Kd5 59. Kf3 Ke5 60. Ke3 g5 $19) (52. Bh2 $1 Qh1 {[%cal Rh1f1,Rd4e5]
Who can find a win for Black? Wer findet einen schwarzen Gewinn?} 53. Qd3 Be5
54. Qd7+ Kh6 55. Qd2+ g5 56. Qg2 Qe1 57. Bg3 {After a general exchange the
pawn ending is drawn, because Black's king stands as poorly as possible and
has no reserve tempo. Nach Generaltausch ist das Bauernendspiel remis, weil
Schwarz mit dem König maximal schlecht sthet und kein Reservertempo hat.
Beispiel:} Bxg3 58. Qxg3 Qh1+ 59. Qh2 Qxh2+ 60. Kxh2 Kg7 61. Kg3 Kf7 62. Kf3
Ke7 63. Ke3 $1 $11) 52... Qe3+ 53. Bg3 (53. Kg2 Qf2+ 54. Kh3 Be5 55. Bxe5 fxe5
56. Qd7+ Kh6 $17) 53... Be5 54. Qe1 Qf3 (54... Qxg3+ 55. Qxg3 Bxg3 56. Kxg3 Kf7
57. Kf4 Ke6 58. Ke4 g5 $19) 55. Qf2 Qh1+ 56. Qh2 Qxh2+ 57. Kxh2 Kf7 0-1

[Event "Groningen PCA"]
[Site "Groningen"]
[Date "1993.??.??"]
[Round "11"]
[White "Huebner, Robert"]
[Black "Beliavsky, Alexander G"]
[Result "1-0"]
[WhiteElo "2605"]
[BlackElo "2635"]
[Annotator "Huebner,R"]
[PlyCount "153"]
[EventDate "1993.12.??"]
[EventType "swiss"]
[EventRounds "11"]
[EventCountry "NED"]
[SourceTitle "CBM 039"]
[Source "ChessBase"]
[SourceDate "1994.04.01"]
[SourceVersion "1"]
[SourceVersionDate "1994.04.01"]
[SourceQuality "1"]

1. d4 Nf6 2. Nf3 e6 3. c4 c5 4. e3 b6 5. Nc3 Bb7 (5... cxd4 $5) 6. d5 exd5 7.
cxd5 g6 (7... Bd6 $5) 8. e4 Bg7 (8... d6 9. Bb5+ $5) 9. Be2 (9. e5 Ng4 10. Bf4
O-O 11. Bc4 {Vaganian-Shamkovich/URS/1971/} d6 12. exd6 (12. e6 Ba6 $13) 12...
Re8+ $13) (9. Bd3 $5) 9... O-O 10. O-O d6 (10... Re8 11. e5 Ng4 12. e6 dxe6 (
12... fxe6 13. dxe6 d5 (13... dxe6 14. Qxd8) 14. Bb5 $16) 13. dxe6 fxe6 (13...
Qxd1 14. exf7+ Kxf7 15. Rxd1 {/\ Bc4, Ng5+/-}) 14. Qxd8 Rxd8 15. Ng5 $16) 11.
Nd2 $2 (11. Bg5 $142 h6 12. Bh4 g5 13. Bg3 Nh5 14. Nd2 Nxg3 15. hxg3 {/\ Bg4+/-
}) (11. Bf4 $142 Nh5 12. Bg5) 11... Qe7 (11... Re8 $5) 12. Re1 Nbd7 13. Nc4 Ne8
(13... Nxe4 $2 14. Nxe4 Qxe4 15. Nxd6 Qxd5 16. Nxb7 Qxb7 17. Bf3 $18) (13...
Ne5 $5 14. Ne3 $140 Ned7) 14. Bf4 Ba6 (14... Bxc3 $2 15. bxc3 Qxe4 16. Bxd6
Nxd6 (16... Bxd5 17. Bf1 $18) 17. Nxd6 Qxd5 18. Nxb7 Qxb7 19. Bf3 $18) (14...
Ne5 15. Ne3 {/\ Bg3, f4}) 15. Nd2 (15. Bg3 Bxc4 16. Bxc4 a6 17. a4 Bd4 (17...
Nc7 $2 18. e5 $18) 18. Kh1 Nc7 {/\ Rab8}) 15... Bxe2 16. Qxe2 Nc7 17. Nc4 Ne5
18. Bxe5 Bxe5 19. Nxe5 Qxe5 (19... dxe5 20. a4 $14) 20. Qe3 (20. Qd2 Rfe8 21.
Rad1 (21. f4 Qd4+ $13) 21... f6 22. f4 Qh5 {/\ Re7, Rae8}) 20... Rae8 (20... g5
$6 21. Ne2 {/\ Ng3, xf5}) (20... f6 21. f4 Qh5 (21... Qd4 22. Qxd4 cxd4 23. Ne2
$16) 22. a4 {/\ Nb5, Qg3+/=}) 21. f4 $6 (21. Rad1 $142 f6 22. f4 Qh5 23. a4 {
/\ Nb5} a6 24. Qd3 $14) 21... Qd4 22. Rad1 Qxe3+ 23. Rxe3 f6 24. a4 Re7 25. b3
(25. Nb5 Nxb5 26. axb5 c4 27. Rd4 Rc8 {/\ Rc5} 28. Rc3 Rec7 {/\ Rc5}) (25. Rb1
Rfe8 26. b4 Na6 27. b5 (27. Nb5 Rd7 28. bxc5 Nxc5 29. Rb4 f5 {xd5}) 27... Nb4
$13) 25... Rfe8 26. Rde1 a6 27. Kf2 (27. Rb1 b5 28. axb5 (28. b4 cxb4 29. Rxb4
a5 {/\ b4}) 28... Nxb5 $15) 27... Kf8 (27... b5 28. e5 fxe5 29. fxe5 Rd8 (29...
Rxe5 30. Rxe5 Rxe5 (30... dxe5 31. d6 $16) 31. Rxe5 dxe5 32. Ke3 $16) 30. exd6
Rf7+ (30... Rxe3 31. dxc7) 31. Kg3 Rxd6 32. Re5 $16) 28. Kf3 b5 (28... Rf7 29.
Rb1 b5 30. axb5 Nxb5 (30... axb5 31. b4 $16) 31. Nxb5 axb5 32. Ra1 $16) 29. e5
fxe5 30. fxe5 Rd8 (30... dxe5 $2 31. d6 Rf7+ 32. Kg3 b4 33. dxc7 bxc3 34. Rxe5
Rc8 35. Re8+ $18) (30... Rxe5 31. Rxe5 dxe5 (31... Rxe5 32. Rxe5 dxe5 33. Ke4
$16) 32. Ke4 $16) 31. exd6 Rf7+ (31... Rxe3+ 32. Rxe3 Rxd6 33. Re5 {/\ Ke4} b4
34. Ne4 Rxd5 35. Rxd5 Nxd5 36. Nxc5 Nc7 (36... a5 37. Nb7 $18) 37. Ke4 Ke7 38.
Ke5 $18) 32. Kg3 Rxd6 $6 (32... Ne8 $142 33. axb5 (33. d7 Nd6 34. Re8+ $2 Nxe8
$19) 33... Nxd6 {/\ Nf5} 34. Re6 axb5 $10) 33. Re5 Rd8 $138 (33... b4 34. Ne4
Rxd5 35. Nxc5 $16) (33... Rfd7 34. Ne4 Rxd5 35. Nxc5 $16) 34. Rd1 {/\d6, Ne4}
Re7 $6 (34... Rfd7 $142 35. Kf3 Kf7 36. Ne4 (36. Ke4 b4 37. Nb1 Ne8) 36... Rxd5
37. Rexd5 Rxd5 38. Rxd5 Nxd5 39. Nxc5 bxa4 40. bxa4 a5 41. Ke4 Nb6 $10) 35. Kf4
Rf7+ $2 (35... Red7 $142) 36. Kg5 Re7 (36... Kg7 37. d6 Rf5+ 38. Rxf5 Ne6+ 39.
Kg4 gxf5+ 40. Kxf5 Nd4+ 41. Ke5 $18) (36... Rfd7 37. Kh6 $18) (36... Rf2 $5 37.
g4 Rxh2 38. d6 Ne8 39. Ne4 $16) 37. Rxe7 Kxe7 38. Kh6 b4 $6 (38... Kf6 $142 39.
Ne4+ (39. Kxh7 Ke5 $13) 39... Ke5 40. Nxc5 Rxd5) 39. Ne4 Nxd5 40. Nxc5 a5 41.
Nb7 $18 Rd7 42. Nxa5 Ke6 43. Nc4 Rc7 44. Re1+ Kf6 45. g4 Ne7 (45... Ra7 46. g5+
Kf7 (46... Kf5 47. Re5+) 47. Nd6+ Kg8 48. Re8#) 46. Rf1+ Ke6 47. Kxh7 Nf5+ 48.
Kxg6 Rg7+ 49. Kh5 Nd4 50. g5 (50. Kh4 $5) 50... Rh7+ 51. Kg6 Rxh2 52. Re1+ Kd5
53. Ne3+ (53. Re5+ $5 Kc6 54. Na5+ Kd6 (54... Kb6 55. Rd5) 55. Re4 Kd5 56. Rg4)
53... Kc6 54. Rc1+ Kb7 55. Nf5 $6 (55. Rc4 $142 Nc6 56. Kf6 $18) 55... Nxb3 56.
Rc4 Ka6 57. Rxb4 Nc5 58. Rc4 Kb6 (58... Nd7 59. Rd4 Nc5 60. Kf6 Re2 61. g6 Ne4+
62. Ke5 Ng5+ 63. Kd5 $18) 59. a5+ Kc6 (59... Kb5 60. Nd6+ Kc6 61. Ne4 $18) 60.
Kf6 Kd5 61. Ne3+ (61. Rd4+ Kc6 62. g6 Nd7+ 63. Ke7 Re2+ 64. Kd8 Ne5 65. Rd6+
Kc5 66. g7 (66. Re6 Rd2+ 67. Kc8 $18) 66... Nf7+ 67. Kd7 Nxd6 68. g8=Q Nxf5 69.
Qf8+ Ne7 (69... Re7+ 70. Kd8 $18) 70. Qf3 Re5 71. Qc3+ Kd5 72. a6 $18) 61...
Kd6 62. g6 $6 (62. Rd4+ $142 Kc6 63. g6 Rf2+ (63... Nd7+ 64. Rxd7 Kxd7 65. g7
$18) 64. Nf5 Nd7+ 65. Ke7 $18) 62... Nd7+ 63. Kg5 Nf8 64. Rc8 Nxg6 (64... Ne6+
65. Kf6 Rf2+ 66. Nf5+ $18) 65. Kxg6 Kd7 $1 (65... Ra2 66. Nc4+ Kd7 67. Rc5 $18)
66. Rc5 Kd6 67. Rc2 Rh1 68. Kf5 Rh4 (68... Ra1 69. Ke4 Ra4+ (69... Kd7 70. Rc5
Kd6 71. Rh5 $18) 70. Kd3 Ra3+ 71. Kd4 $18) 69. Ra2 Kc6 70. Ke5 Rh8 (70... Kb5
71. a6 Rh8 72. Nd5 Kc6 73. Ra5 $18) 71. Kd4 Kb5 72. a6 Kb6 (72... Ra8 73. Nd5
Ra7 74. Ra1 $18) 73. Nd5+ Ka7 74. Nb4 Rh6 75. Rg2 Rh5 76. Rg7+ Ka8 77. Nd5 (77.
Nd5 Rh6 78. Kc5 Rh5 79. Rc7 Kb8 80. Kb6 Rh6+ 81. Rc6 $18) 1-0

[Event "Bundesliga 9596"]
[Site "Germany"]
[Date "1995.??.??"]
[Round "?.2"]
[White "Jussupow, Artur"]
[Black "Teske, Henrik"]
[Result "1-0"]
[WhiteElo "2680"]
[BlackElo "2500"]
[Annotator "Jussupow,A"]
[PlyCount "39"]
[EventDate "1995.10.14"]
[EventType "team-tourn"]
[EventRounds "15"]
[EventCountry "GER"]
[SourceTitle "CBM 052"]
[Source "ChessBase"]
[SourceDate "1996.06.01"]
[SourceVersion "1"]
[SourceVersionDate "1996.06.01"]
[SourceQuality "1"]
[WhiteTeam "Solingen"]
[BlackTeam "Dresden"]
[WhiteTeamCountry "GER"]
[BlackTeamCountry "GER"]

1. d4 e6 2. c4 b6 3. Nf3 Bb7 4. e3 Nf6 5. Bd3 c5 6. O-O Be7 7. Nc3 cxd4 8. exd4
d6 (8... d5 $142) 9. b3 $5 $146 {Perhaps 9.d5 is better, but I didn't want to
disclose my plans so early.} (9. a3 O-O 10. b4 Nbd7 11. Re1 Rc8 12. h3 Re8 13.
Bf4 $14 {Adler-Genov,Pe/Antwerpen/1992}) (9. Re1 O-O 10. Bg5 (10. Qe2 Re8 11.
Ng5 Bf8 12. Nce4 Nbd7 13. Qf3 Qc7 14. Nxf6+ Nxf6 15. Qg3 g6 $10 {Muse,M-Sax,G/
Bundesliga 92/93 1993}) (10. Bf4 Re8 11. Rc1 Bf8 12. h3 a6 13. Ng5 Nbd7 14.
Nge4 Qb8 15. Nxf6+ Nxf6 16. Qb3 Qd8 $10 {Kopsa,P-Sturua,Z/Helsinki op1992}) (
10. a3 Nbd7 11. b4 (11. Bf4 a6 12. Rc1 Re8 13. h3 Bf8 14. Bg3 $6 g6 15. Rc2 Rc8
16. Bf1 Nh5 17. Bh2 Ng7 $1 $132 {Suba,M-Larsen,B/London WFW 1991}) 11... Re8
12. Bb2 Bf8 13. d5 e5 14. Nd2 g6 15. a4 $14 {Polgar,Zsu-Arnason/EU-Cup/
Budapest/1989/}) 10... Nbd7 11. Qe2 Re8 12. Rad1 Rc8 13. h3 Qc7 14. Qe3 Qb8 15.
d5 $14 {Lechtynsky-Mokry/Trencianske Teplice/1985}) (9. d5 $5 e5 (9... exd5 10.
cxd5 (10. Nxd5 Nxd5 11. cxd5 O-O) 10... O-O 11. Nd4 (11. Bf4 Nbd7 12. h3 $14)
11... Nbd7 (11... g6 12. Bh6 Re8 13. Bb5 $18 {Yakovich}) 12. Nc6 $1 Bxc6 13.
dxc6 Nb8 (13... Ne5 14. Ba6 $1 $18) 14. Qa4 $1 $16 {Yakovich,Y-Arkell,K/
Hastings op 1994} (14. Qf3 d5 $1 15. c7 Qxc7 16. Nxd5 $16 {Yakovich})) 10. Ng5
(10. Nh4 O-O (10... Nxd5 11. Nf5 Nxc3 12. Nxg7+ Kf8 13. Qg4 $18) (10... g6 11.
Bh6 $16 {Yakovich}) 11. Nf5 Re8 $140 12. Qf3 Bf8 $2 13. Bg5 Nbd7 14. Ne4 $16 {
Dautov}) (10. Ne1 Nbd7 11. f4 exf4 12. Bxf4 Ne5 13. Nf3 Nfd7 14. Qe2 Nxd3 15.
Qxd3 O-O $13 {Gausel-Ward/Gausdal/1993}) 10... h6 (10... O-O 11. f4 exf4 12.
Bxf4 Nbd7 13. Qf3 $1 (13. Nb5 h6 14. Nf3 Nc5 15. Bc2 Re8 16. b4 Na6 17. a3 Nc7
$132 18. Nbd4 $6 b5 $1 {Piskov,Y-Rajkovic,D/BL 9091 1990}) 13... Ne5 (13... Re8
14. Qh3 Nf8 15. Rae1 a6 16. Bd2 Qc8 17. Qh4 h6 18. Nxf7 $1 Kxf7 19. Bxh6 $1
gxh6 20. Rxe7+ $1 {Hoi,C-Nielsen,U/Gausdal/1990/}) 14. Bxe5 dxe5 15. Rae1 $40 {
Dautov}) (10... Nbd7 11. f4 g6 $2 (11... O-O $142 {Dautov}) (11... Nc5 $2 12.
fxe5 dxe5 13. Bxh7 Ba6 (13... Rxh7 14. Rxf6 Bxf6 15. Nxh7 $16) 14. Bd3 $16 {
Tal,M-Auer,M/Porz op 1992}) (11... a6 12. b3 Qc7 13. a4 Qc5+ 14. Kh1 Qd4 15.
Qc2 Nc5 16. Be2 e4 17. Rd1 Nd3 (17... Qf2 $2 18. Nxf7 $1 Kxf7 19. Bh5+) 18.
Bxd3 exd3 19. Rxd3 $16 {Kharkova,E-Litinskaya,M/Lubniewice POL-chT (09) 1994})
12. f5 h6 13. Ne6 $1 $16 {Polgar,Zsu-Hracek/Stara Zagora/1990}) 11. Nge4 Nxe4
12. Nxe4 (12. Bxe4 O-O 13. f4 $6 (13. Qg4 $5) 13... Nd7 14. f5 Bg5 $132 {
Berkell,P-Rashkovsky,N/Rilton Cup 1988}) 12... g6 (12... O-O 13. Qh5 Nd7 14.
Bxh6 $1 $40 {Berg-Ward/London Lloyds/1989}) 13. f4 f5 14. fxe5 dxe5 15. Ng3 Bc8
16. Nxf5 Bxf5 17. Bxf5 gxf5 18. Qh5+ Kd7 19. Rxf5 Kc7 20. Rxe5 $40 {Danner,
G-Siegel,G/SWZ-chT 1993}) 9... O-O 10. Bb2 {+/= ECO} Nbd7 11. Re1 a6 12. h3 {
[%csl Ye1,Ye2,Ye3] This innocent looking move is a beginning of a very
dangerous plan. White's disposition is more tipical for a Catalan Opening. He
wants to triple on a semi-open file and to create an unpleasant pressure.} Ra7
$2 {Black overlooks a danger. He starts a very slow play on Queen's side, and
White can just ignore it.} (12... Re8 $142 {/\ Bf8 or Nf8}) 13. Re3 Qa8 14. Qe2
b5 15. Re1 {[%cal Re3e6] Of course, White shouldn't play Benko Gambit and open
files on Queen's side.} bxc4 16. bxc4 {[%csl Gf3][%cal Yf3g5]} Re8 $2 {Zu spät.
Schwarz mußte unbedingt mit B:f3 den Nf3 vernichten, auch wenn man so einen
Zug nicht gern macht.} 17. Ng5 $1 $18 {[%csl Rf7]} Bf8 18. Nxf7 Kxf7 19. Rxe6
Rb8 $2 (19... g6 $142 20. d5 {[%cal Yc3e4,Rb2f6] /\Ne4->}) 20. Rxf6+ $1 1-0

[Event "ISR-chT"]
[Site "Israel"]
[Date "1996.??.??"]
[Round "10"]
[White "Kantsler, Boris"]
[Black "Kosashvili, Yona"]
[Result "1/2-1/2"]
[WhiteElo "2475"]
[BlackElo "2580"]
[Annotator "Kantsler,B"]
[PlyCount "92"]
[EventDate "1996.??.??"]
[EventType "team"]
[EventRounds "11"]
[EventCountry "ISR"]
[SourceTitle "CBM 052 Extra"]
[Source "ChessBase"]
[SourceDate "1996.07.01"]
[SourceVersion "1"]
[SourceVersionDate "1996.07.01"]
[SourceQuality "1"]

1. d4 Nf6 2. c4 e6 3. Nf3 Bb4+ 4. Nbd2 b6 5. a3 Bxd2+ 6. Qxd2 Bb7 7. e3 O-O 8.
Be2 d6 9. b4 Nbd7 10. Bb2 Qe7 11. O-O Rfd8 12. Qc2 c5 13. Rfd1 Rac8 14. bxc5
dxc5 15. a4 cxd4 16. exd4 Qb4 17. Ba3 $5 {N/} (17. Nd2 Qd6 18. Qb3 Qc6 $6 (
18... Ne4 $5 $14 {Gelfand,B-Kosashvili,Y/YUG/1995/0,5/75/Inf 64/468/})) 17...
Qa5 18. Qb3 Qf5 19. a5 Nh5 $6 (19... Be4 $5) 20. Nh4 $1 Qg5 21. g3 Nf4 22. Bf3
Bxf3 23. Nxf3 $5 (23. Qxf3 Ng6 $10) 23... Qg4 24. Be7 Re8 25. Bd6 Nh3+ 26. Kg2
Nf6 $6 (26... Rc6 $1 27. axb6 axb6 (27... Rxd6 $2 28. bxa7 $18) 28. c5 bxc5 29.
dxc5 Nxc5 30. Qb5 Rcc8 31. Bxc5 Nf4+ 32. Kf1 Qxf3 33. gxf4 Qh3+ 34. Ke1 e5 35.
f5 $14) 27. axb6 axb6 28. Re1 Nh5 29. Qe3 Red8 (29... Rxc4 $2 30. Ne5 $16) 30.
c5 Nf6 31. Ne5 Qf5 32. g4 $2 (32. Qf3 $1 $16) 32... Nxg4 (32... Nf4+ $4 33. Kf3
$18) 33. Qxh3 Qxf2+ 34. Kh1 Qxe1+ $1 35. Rxe1 Nf2+ 36. Kg2 Nxh3 37. Kxh3 f6 38.
Nc4 bxc5 39. dxc5 Rxd6 $1 40. Nxd6 Rxc5 $10 41. Rxe6 h5 42. Kg3 Kh7 43. Kf4 Rc6
44. Kf5 Rc5+ 45. Kf4 Rc6 46. Kf5 Rc5+ 1/2-1/2

[Event "Balatonbereny GM"]
[Site "Balatonbereny"]
[Date "1995.??.??"]
[Round "1"]
[White "Kallai, Gabor"]
[Black "Pinter, Jozsef"]
[Result "1-0"]
[WhiteElo "2490"]
[BlackElo "2565"]
[Annotator "King,D"]
[PlyCount "59"]
[EventDate "1995.08.??"]
[EventType "tourn"]
[EventRounds "11"]
[EventCountry "HUN"]
[EventCategory "11"]
[SourceTitle "CBM 050"]
[Source "ChessBase"]
[SourceDate "1996.02.01"]
[SourceVersion "1"]
[SourceVersionDate "1996.02.01"]
[SourceQuality "1"]

1. Nf3 Nf6 2. c4 e6 3. d4 c5 4. e3 b6 5. Nc3 cxd4 6. exd4 Bb7 7. Bd3 d5 8. cxd5
Nxd5 9. Ne5 Nxc3 10. bxc3 a6 11. Qg4 {Black's position is already fairly
horrible: it is not easy to see how he will complete his development.} Nd7 12.
Nxd7 Qxd7 13. O-O h5 14. Qe2 Be7 15. Rb1 Bd8 $2 {Black is taking too many
liberties. 15...b5 was better.} 16. c4 Qxd4 17. Rd1 Qd7 18. Be4 Qc8 19. Ba3
Bxe4 20. Qxe4 f5 {Black has had enough and plunges the knife in himself.} 21.
Rxd8+ $1 Kxd8 22. Qh4+ Kc7 23. Qd4 b5 24. cxb5 Qd7 25. b6+ Kd8 26. Be7+ $1 Ke8
27. Qxg7 Qd3 28. Qxh8+ Kxe7 29. Qg7+ Kd6 30. Rc1 1-0

[Event "Elbow Beach Club GM-A"]
[Site "Paget Parish"]
[Date "2001.01.24"]
[Round "5"]
[White "Gershon, Alik"]
[Black "Macieja, Bartlomiej"]
[Result "0-1"]
[WhiteElo "2540"]
[BlackElo "2578"]
[Annotator "Konikowski,J"]
[PlyCount "118"]
[EventDate "2001.01.20"]
[EventType "tourn"]
[EventRounds "10"]
[EventCountry "BER"]
[EventCategory "13"]
[SourceTitle "CBM 081"]
[Source "ChessBase"]
[SourceDate "2001.03.20"]
[SourceVersion "1"]
[SourceVersionDate "2001.03.20"]
[SourceQuality "1"]

1. d4 Nf6 2. c4 e6 3. Nf3 Bb4+ 4. Nbd2 b6 5. a3 Bxd2+ 6. Qxd2 Bb7 7. e3 O-O 8.
Be2 Ne4 9. Qd3 d5 10. b3 a5 (10... c5 11. O-O cxd4 12. exd4 Nd7 13. a4 Re8 14.
Bf4 Nf8 15. h3 Ng6 16. Bh2 Rc8 17. Rfc1 dxc4 18. bxc4 Nd6 19. Bf1 Be4 20. Qe3
Bc6 21. Ne5 Bb7 22. Rd1 Nf5 23. Qd2 Nxe5 24. Bxe5 Re7 25. Bf4 Rd7 26. Be3 Qf6
27. a5 Qg6 $11 {Gelfand,B-Adams,M/Dos Hermanas 1995/}) (10... Nd7 11. Bb2 a5
12. O-O f5 13. Rac1 c6 14. Ne5 Nxe5 15. dxe5 c5 16. f3 Ng5 17. Qc2 Qe7 18. Bd3
Rfd8 19. Rcd1 h6 20. Bc3 Rd7 21. cxd5 Bxd5 22. Bb5 Rdd8 23. Rd2 Nf7 24. Rfd1
Qb7 25. Bb2 Rac8 $11 {Peng,Z-Prudnikova,S/Vrnjacka Banja 1996/}) 11. O-O a4 12.
b4 Nd6 $146 {[%mdl 8]} (12... Nd7 13. Nd2 Qh4 14. f3 Nef6 15. Bb2 Rfd8 16. Qc3
Qh6 17. Rfe1 c5 18. dxc5 bxc5 19. Nf1 cxb4 20. Qxb4 Rdb8 21. cxd5 Bxd5 22. Qd2
Nc5 23. Rad1 Nb3 24. Qd3 Na5 25. Qd4 Bb3 26. Rd2 Nd5 $11 {Petrosian,A-Kuzmin,G/
Moscow 1992/}) 13. c5 Ba6 14. Qc2 Bxe2 15. Qxe2 Nc4 16. e4 Nc6 17. e5 f5 18.
Bf4 h6 19. h4 Qe8 20. Rfd1 Qh5 21. Ra2 Ne7 22. g3 Ng6 23. Bc1 f4 24. Rd3 bxc5
25. dxc5 $2 (25. bxc5 $142 fxg3 26. fxg3 Rab8 $15) 25... fxg3 26. fxg3 Ngxe5
27. Nxe5 Qxe5 28. Qxe5 Nxe5 29. Re3 Nf3+ (29... Rf5 $5 30. Kg2 Raf8 $17) 30.
Kg2 Nd4 31. Bb2 Nb3 32. Be5 Rf7 33. Rc2 d4 34. Rd3 Rd8 35. Rf2 Re7 36. Kf3 (36.
Rf4 $142 $5) 36... Rf8+ $17 37. Kg2 Rf5 38. Rxf5 exf5 39. Bf4 Kf7 40. b5 g5 41.
hxg5 hxg5 (41... Nxc5 $2 42. Rxd4 hxg5 43. Rc4 (43. Bxg5 $2 Ne6 44. Bxe7 Nxd4
$19) 43... gxf4 44. Rxc5 fxg3 45. Rxf5+ Kg6 46. Rf4 Re2+ 47. Kh3 $11) 42. Bxg5
Re5 43. b6 Rxc5 44. bxc7 Rxc7 45. Rd1 Rc2+ 46. Kf3 Ra2 47. Re1 d3 (47... Nc5 $5
48. Rd1 Ne4 49. Kf4 Rf2+ 50. Ke5 Nxg5 $19) 48. Rd1 d2 49. g4 Kg6 50. Be3 Rxa3
51. gxf5+ Kxf5 52. Ke2 Ra2 53. Kd3 a3 54. Bh6 Nc5+ 55. Kc4 (55. Ke2 Ne4 56. Bg7
Rc2 $19) 55... Rc2+ 56. Kb4 a2 57. Ka3 (57. Bxd2 Rxd2 58. Rf1+ Ke4 59. Kxc5
Rc2+ 60. Kd6 (60. Kb4 Rb2+ 61. Ka3 Rb1 $19) 60... Kd3 $19) 57... Rc1 $1 58.
Kxa2 Rxd1 59. Kb2 Ne4 (59... Rb1+ $1 $19) 0-1